[Event "Oravska Priehrada op"]
[Site "Namestovo"]
[Date "2017.08.26"]
[Round "2"]
[White "Beno, Milan"]
[Black "Valko, Michal"]
[Result "1/2-1/2"]
[WhiteElo "1691"]
[BlackElo "1433"]
[PlyCount "38"]
[EventDate "2017.08.25"]
[EventType "swiss"]
[EventRounds "7"]
[EventCountry "SVK"]
[SourceTitle "CBM 180 Extra"]
[Source "ChessBase"]
[SourceDate "2017.10.06"]
[SourceVersion "1"]
[SourceVersionDate "2017.10.06"]
[SourceQuality "1"]

1. e4 e6 2. d4 d5 3. Nd2 Nf6 4. e5 Nfd7 5. Ngf3 c5 6. c3 Nc6 7. Be2 cxd4 8. cxd4 f6 9. exf6 Qxf6 10. Nb3 Bd6 11. Bg5 Qf7 12. 0-0 0-0 13. Bh4 Nf6 14. Ng5 Qg6 15. Nf3 Nh5 16. Ne5 Qe4 17. Bxh5 Qxh4 18. g3 Qf6 19. f4 Ne7 1/2-1/2

[Event "SVK-ch Seniors"]
[Site "Tatranske Matliare"]
[Date "2015.05.30"]
[Round "1"]
[White "Frink, Ferenc"]
[Black "Beno, Milan"]
[Result "1-0"]
[WhiteElo "2091"]
[BlackElo "1766"]
[PlyCount "99"]
[EventDate "2015.05.30"]
[EventType "swiss"]
[EventRounds "9"]
[EventCountry "SVK"]
[SourceTitle "EXT 2017"]
[Source "ChessBase"]
[SourceDate "2016.10.25"]
[SourceVersion "1"]
[SourceVersionDate "2016.10.25"]
[SourceQuality "1"]

1. e4 c5 2. b4 b6 3. bxc5 bxc5 4. Nc3 Nc6 5. Rb1 Nf6 6. Bc4 e6 7. d3 d5 8. Bb5 Qc7 9. Nge2 Bd7 10. 0-0 d4 11. Bf4 Bd6 12. Bxc6 Bxc6 13. Nb5 Bxb5 14. Bxd6 Qxd6 15. Rxb5 0-0 16. Qd2 Rfb8 17. Rfb1 Rxb5 18. Rxb5 Rb8 19. Rb3 Rb6 20. h3 h6 21. g4 Nd7 22. f4 Rxb3 23. axb3 Qb6 24. Kg2 a5 25. h4 Qb4 26. Qd1 Nf6 27. Kh3 a4 28. bxa4 Qxa4 29. Ng3 Qd7 30. g5 hxg5 31. hxg5 Nh7 32. Qg4 g6 33. e5 Qd5 34. Ne4 c4 35. Qe2 cxd3 36. cxd3 Kg7 37. Kg4 Qd8 38. Qh2 Kg8 39. Qh6 Qe7 40. Nf6+ Nxf6+ 41. exf6 Qf8 42. Qxf8+ Kxf8 43. Kf3 Ke8 44. Ke4 Kd7 45. Kxd4 Kd6 46. Ke4 Kc5 47. Ke5 Kc6 48. d4 Kc7 49. d5 exd5 50. f5 1-0

[Event "Tatry op"]
[Site "Tatranske Zruby"]
[Date "2013.10.01"]
[Round "3"]
[White "Kulhomerova, Maria"]
[Black "Beno, Milan"]
[Result "1/2-1/2"]
[WhiteElo "1000"]
[BlackElo "1738"]
[PlyCount "62"]
[EventDate "2013.09.29"]
[EventType "swiss"]
[EventRounds "9"]
[EventCountry "SVK"]
[SourceTitle "EXT 2023"]
[Source "ChessBase"]
[SourceDate "2022.10.05"]
[SourceVersion "1"]
[SourceVersionDate "2022.10.05"]
[SourceQuality "1"]

1. e4 c5 2. Nf3 d6 3. d4 cxd4 4. Nxd4 Nf6 5. Nc3 a6 6. h3 g6 7. Bd3 Bg7 8. 0-0 0-0 9. Be3 Bd7 10. Qd2 Nc6 11. Nde2 Ne5 12. f4 Nxd3 13. cxd3 Qa5 14. Ng3 e6 15. a3 Rac8 16. Qf2 Rxc3 17. Bb6 Qb5 18. bxc3 Qxd3 19. e5 Nd5 20. Bd4 Qc4 21. exd6 Bxd4 22. Qxd4 Qxd4+ 23. cxd4 f5 24. Rac1 Bc6 25. Rf2 Rd8 26. Ne2 Rxd6 27. Nc3 Nxc3 28. Rxc3 Rxd4 29. g3 Rd1+ 30. Rf1 Rd2 31. Rf2 Rd1+ 1/2-1/2

[Event "Tatry op"]
[Site "Tatranske Zruby"]
[Date "2012.09.26"]
[Round "5"]
[White "Mocary, Metod"]
[Black "Beno, Milan"]
[Result "1-0"]
[WhiteElo "1929"]
[BlackElo "1740"]
[PlyCount "83"]
[EventDate "2012.09.23"]
[EventType "swiss"]
[EventRounds "9"]
[EventCountry "SVK"]
[SourceTitle "EXT 2023"]
[Source "ChessBase"]
[SourceDate "2022.10.05"]
[SourceVersion "1"]
[SourceVersionDate "2022.10.05"]
[SourceQuality "1"]

1. d4 d5 2. c4 c6 3. Nf3 Nf6 4. g3 g6 5. Bg2 Bg7 6. Nc3 0-0 7. b3 Na6 8. 0-0 Bf5 9. Nh4 Be6 10. c5 Qd7 11. Re1 Nh5 12. Bb2 Nf6 13. Nf3 Bh3 14. Ne5 Qc8 15. Bh1 Ng4 16. Nxg4 Bxg4 17. f3 Bh3 18. Qd2 Nb4 19. a3 Na6 20. b4 Nc7 21. Nd1 Bd7 22. Nf2 f5 23. e4 e6 24. Bg2 a6 25. Nd3 Qd8 26. Re2 Nb5 27. Nc1 Qc7 28. Nb3 Bf6 29. a4 Na7 30. Bc3 Qc8 31. Rae1 Re8 32. Qb2 Kf7 33. Qd2 Kg7 34. Bb2 Qc7 35. Bc1 Kg8 36. Qd3 Rad8 37. Bf4 e5 38. dxe5 Bxe5 39. Bxe5 Rxe5 40. exd5 Rxd5 41. Qc3 f4 42. Re7 1-0

[Event "SVK-ch Seniors-B"]
[Site "Tatranske Matliare"]
[Date "2011.05.??"]
[Round "9"]
[White "Beno, Milan"]
[Black "Knotek, Anton"]
[Result "1/2-1/2"]
[WhiteElo "1743"]
[BlackElo "1900"]
[PlyCount "21"]
[EventDate "2011.05.27"]
[EventType "swiss"]
[EventRounds "9"]
[EventCountry "SVK"]
[SourceTitle "EXT 2023"]
[Source "ChessBase"]
[SourceDate "2022.10.05"]
[SourceVersion "1"]
[SourceVersionDate "2022.10.05"]
[SourceQuality "1"]

1. e4 e5 2. Nc3 Nf6 3. Bc4 Nxe4 4. Qh5 g6 5. Qxe5+ Qe7 6. Qxe7+ Bxe7 7. Nxe4 c6 8. Bb3 0-0 9. d4 Re8 10. Be3 d5 11. Ng3 1/2-1/2

[Event "Nove Zamky op"]
[Site "Nove Zamky"]
[Date "2010.08.11"]
[Round "1"]
[White "Jancovic, Peter"]
[Black "Beno, Milan"]
[Result "1-0"]
[WhiteElo "2162"]
[BlackElo "1728"]
[PlyCount "71"]
[EventDate "2010.08.11"]
[EventType "swiss"]
[EventRounds "7"]
[EventCountry "SVK"]
[SourceTitle "CBM 137 Extra"]
[Source "ChessBase"]
[SourceDate "2010.09.01"]
[SourceVersion "1"]
[SourceVersionDate "2010.09.01"]
[SourceQuality "1"]

1. e4 c5 2. Nf3 d6 3. Nc3 Nf6 4. d4 cxd4 5. Nxd4 a6 6. h3 g6 7. g4 h5 8. g5 Nfd7 9. Be3 Bg7 10. Qd2 b5 11. a4 Qa5 12. Nd5 b4 13. Nxb4 Qe5 14. f4 Qa5 15. Nd5 Qd8 16. Bg2 e5 17. fxe5 Nxe5 18. b3 Nbd7 19. 0-0 0-0 20. Rad1 Bb7 21. Qf2 Bxd5 22. exd5 Rc8 23. Qd2 Qc7 24. c4 Nc5 25. Qc2 Qe7 26. Bf4 Qb7 27. Nc6 Rfe8 28. b4 Ncd7 29. c5 Bf8 30. Rde1 Qc7 31. Nxe5 Nxe5 32. Bxe5 Rxe5 33. Rxe5 dxe5 34. a5 Qb7 35. Qc4 Qb5 36. Qxb5 1-0

[Event "Bratislava Doprastav op"]
[Site "Bratislava"]
[Date "2010.07.06"]
[Round "7"]
[White "Beno, Milan"]
[Black "Halasz, Adam"]
[Result "1-0"]
[WhiteElo "1728"]
[BlackElo "1556"]
[PlyCount "71"]
[EventDate "2010.07.02"]
[EventType "swiss"]
[EventRounds "9"]
[EventCountry "SVK"]
[SourceTitle "EXT 2012"]
[Source "ChessBase"]
[SourceDate "2011.11.24"]
[SourceVersion "1"]
[SourceVersionDate "2011.11.24"]
[SourceQuality "1"]

1. e4 e5 2. Nc3 Nf6 3. Bc4 Bb4 4. Nge2 0-0 5. 0-0 c6 6. a3 Bxc3 7. Nxc3 d5 8. exd5 cxd5 9. Ba2 d4 10. Ne2 Nc6 11. d3 Re8 12. f3 Nd5 13. Bxd5 Qxd5 14. Ng3 b5 15. Qe1 Qc5 16. Ne4 Qxc2 17. Qg3 Rf8 18. Bh6 g6 19. Nf6+ Kh8 20. Bxf8 Qxd3 21. Qh4 h5 22. Qg5 Qe3+ 23. Qxe3 dxe3 24. Bd6 Ba6 25. b4 Rd8 26. Bc5 Nd4 27. Bxd4 exd4 28. Rfe1 Kg7 29. Ne4 Bb7 30. Rad1 Bxe4 31. fxe4 Rc8 32. Rxd4 Rc3 33. a4 bxa4 34. b5 a3 35. Ra4 Rb3 36. Rxa7 1-0

[Event "Bratislava Doprastav op"]
[Site "Bratislava"]
[Date "2010.07.05"]
[Round "6"]
[White "Beno, Milan"]
[Black "Macko, Peter"]
[Result "0-1"]
[WhiteElo "1728"]
[BlackElo "1461"]
[PlyCount "120"]
[EventDate "2010.07.02"]
[EventType "swiss"]
[EventRounds "9"]
[EventCountry "SVK"]
[SourceTitle "EXT 2012"]
[Source "ChessBase"]
[SourceDate "2011.11.24"]
[SourceVersion "1"]
[SourceVersionDate "2011.11.24"]
[SourceQuality "1"]

1. e4 e6 2. d4 d5 3. Nd2 c5 4. Ngf3 cxd4 5. Nxd4 dxe4 6. Nxe4 Nf6 7. Bb5+ Bd7 8. Nxf6+ Qxf6 9. Bxd7+ Nxd7 10. 0-0 a6 11. c3 Bd6 12. Nf3 Qe7 13. Bg5 f6 14. Bh4 0-0 15. Nd4 Be5 16. Re1 Bxd4 17. Qxd4 Rab8 18. Qc4 Rfe8 19. Re3 Kf8 20. Rae1 e5 21. f4 Qe6 22. Qxe6 Rxe6 23. fxe5 Rxe5 24. Rxe5 Nxe5 25. Bg3 Re8 26. b3 Kf7 27. Rd1 Ke6 28. c4 Ke7 29. h3 Rd8 30. Rxd8 Kxd8 31. Bf4 Kd7 32. Kf1 Ke6 33. Ke2 Kf5 34. Bd2 Ke4 35. a3 h5 36. c5 Nd3 37. b4 g5 38. Bc3 f5 39. Bf6 g4 40. hxg4 hxg4 41. Bd8 f4 42. Bb6 f3+ 43. gxf3+ gxf3+ 44. Kf1 f2 45. a4 Nxb4 46. Kxf2 Kd5 47. Ke3 Kc4 48. Kd2 Nd3 49. Kc2 Nxc5 50. Bxc5 Kxc5 51. Kc3 a5 52. Kb3 Kd4 53. Ka3 Kc4 54. Ka2 Kb4 55. Kb2 Kxa4 56. Kc3 b5 57. Kb2 b4 58. Ka2 b3+ 59. Kb2 Kb4 60. Kb1 Ka3 0-1

[Event "Bratislava Doprastav op"]
[Site "Bratislava"]
[Date "2010.07.04"]
[Round "4"]
[White "Janos, Jozef"]
[Black "Beno, Milan"]
[Result "1-0"]
[WhiteElo "2215"]
[BlackElo "1728"]
[PlyCount "39"]
[EventDate "2010.07.02"]
[EventType "swiss"]
[EventRounds "9"]
[EventCountry "SVK"]
[SourceTitle "EXT 2012"]
[Source "ChessBase"]
[SourceDate "2011.11.24"]
[SourceVersion "1"]
[SourceVersionDate "2011.11.24"]
[SourceQuality "1"]

1. Nf3 d5 2. d4 Nf6 3. Bf4 Bf5 4. e3 e6 5. Nbd2 c5 6. Bxb8 Rxb8 7. Bb5+ Ke7 8. dxc5 Ne4 9. Nxe4 Bxe4 10. b4 f6 11. 0-0 g5 12. Bd3 Bg6 13. c4 dxc4 14. Bxc4 Be4 15. Nd4 Bd5 16. Qb3 Bxc4 17. Qxc4 Qc8 18. f4 gxf4 19. exf4 Bh6 20. Rae1 1-0

[Event "Bratislava Doprastav op"]
[Site "Bratislava"]
[Date "2009.07.09"]
[Round "7"]
[White "Sucikova, Svetlana"]
[Black "Beno, Milan"]
[Result "0-1"]
[WhiteElo "1521"]
[BlackElo "1786"]
[PlyCount "172"]
[EventDate "2009.07.04"]
[EventType "swiss"]
[EventRounds "9"]
[EventCountry "SVK"]
[SourceTitle "EXT 2015"]
[Source "ChessBase"]
[SourceDate "2014.11.20"]
[SourceVersion "1"]
[SourceVersionDate "2014.11.20"]
[SourceQuality "1"]

1. e4 c5 2. Nf3 d6 3. d4 cxd4 4. Nxd4 Nf6 5. Nc3 a6 6. Be2 g6 7. 0-0 Bg7 8. Be3 0-0 9. Re1 Bd7 10. Rb1 Nc6 11. a3 Ne5 12. Bf4 Nc6 13. Nxc6 Bxc6 14. e5 dxe5 15. Bxe5 Qa5 16. Bf4 Rad8 17. Qc1 Rd4 18. Be3 Rd7 19. Rd1 Rfd8 20. Rxd7 Rxd7 21. Qe1 Qf5 22. Rc1 Kf8 23. Bd3 Qg4 24. f3 Bxf3 25. Qf2 Bc6 26. Be2 Qe6 27. h3 h5 28. Bf3 Ne4 29. Nxe4 Bxe4 30. Bxe4 Qxe4 31. c3 Kg8 32. Rf1 e6 33. Qf4 Qxf4 34. Rxf4 Bh6 35. Rf3 Rd1+ 36. Kh2 Bg7 37. Kg3 f5 38. Bg5 e5 39. Rf2 Kf7 40. Re2 Ke6 41. Kf2 f4 42. Bxf4 Kf5 43. Be3 Rd3 44. Bb6 Bh6 45. Bc7 Rd2 46. Rxd2 Bxd2 47. a4 Bc1 48. b3 Bb2 49. Ba5 Ke4 50. Ke2 Bc1 51. Bb4 Bg5 52. Ba5 Bf6 53. Bb4 Kf4 54. Kf2 Bh4+ 55. Ke2 Kg3 56. Kf1 Kf4 57. Ke2 Ke4 58. Ba5 g5 59. Bb4 g4 60. hxg4 hxg4 61. Ba5 Be7 62. Bb6 Bd6 63. Ba5 Bc5 64. Bd8 Be3 65. Ba5 Bc1 66. Bb4 b6 67. Bd6 b5 68. axb5 axb5 69. c4 bxc4 70. bxc4 Kd4 71. c5 Ba3 72. Kf2 Bxc5 73. Bxc5+ Kxc5 74. Kg3 Kd4 75. Kxg4 e4 76. Kf4 e3 77. Kf3 Kd3 78. g4 e2 79. Kf4 e1Q 80. g5 Qe8 81. Kf5 Qg8 82. Kf6 Ke4 83. g6 Kd5 84. g7 Kd6 85. Kg6 Ke6 86. Kh6 Kf6 0-1

[Event "Bratislava Doprastav op"]
[Site "Bratislava"]
[Date "2009.07.06"]
[Round "4"]
[White "Vrbiar, Tomas"]
[Black "Beno, Milan"]
[Result "1/2-1/2"]
[WhiteElo "1464"]
[BlackElo "1786"]
[PlyCount "81"]
[EventDate "2009.07.04"]
[EventType "swiss"]
[EventRounds "9"]
[EventCountry "SVK"]
[SourceTitle "EXT 2015"]
[Source "ChessBase"]
[SourceDate "2014.11.20"]
[SourceVersion "1"]
[SourceVersionDate "2014.11.20"]
[SourceQuality "1"]

1. d4 d5 2. c4 c6 3. e3 Nf6 4. Nc3 Bf5 5. Nf3 h6 6. Be2 e6 7. 0-0 dxc4 8. Bxc4 Bg4 9. h3 Bh5 10. Be2 Bd6 11. Re1 Bg6 12. Bd3 Bxd3 13. Qxd3 Be7 14. e4 0-0 15. e5 Nd5 16. Nxd5 cxd5 17. Qb5 Qd7 18. Qb3 Na6 19. Bd2 Rac8 20. Rac1 Nb8 21. Bb4 Bxb4 22. Qxb4 Rc6 23. Rc3 Rxc3 24. bxc3 Rc8 25. Rc1 Rc4 26. Qb3 Qc7 27. Rc2 Nc6 28. Qb2 Na5 29. Nd2 Rc6 30. Qb4 Rb6 31. Qa4 Rc6 32. Nb3 Nxb3 33. Qxb3 Rb6 34. Qa3 Rb1+ 35. Rc1 Rxc1+ 36. Qxc1 Qa5 37. Qb2 Qc7 38. f4 a6 39. Kf2 b5 40. Ke3 Qc6 41. Qb4 1/2-1/2

[Event "Bratislava Doprastav op"]
[Site "Bratislava"]
[Date "2009.07.05"]
[Round "2"]
[White "Beno, Milan"]
[Black "Hronec, Martin"]
[Result "0-1"]
[WhiteElo "1786"]
[BlackElo "1650"]
[PlyCount "70"]
[EventDate "2009.07.04"]
[EventType "swiss"]
[EventRounds "9"]
[EventCountry "SVK"]
[SourceTitle "EXT 2015"]
[Source "ChessBase"]
[SourceDate "2014.11.20"]
[SourceVersion "1"]
[SourceVersionDate "2014.11.20"]
[SourceQuality "1"]

1. e4 c5 2. c3 d5 3. exd5 Qxd5 4. d4 Nf6 5. dxc5 Qxc5 6. Be3 Qc7 7. Be2 e5 8. Nf3 Nc6 9. h3 Be7 10. 0-0 0-0 11. Bg5 Bf5 12. Qc1 Rad8 13. Nh4 Bd3 14. Bxd3 Rxd3 15. Nf5 Rfd8 16. Nxe7+ Nxe7 17. Nd2 Ne8 18. Ne4 f5 19. Ng3 Nd6 20. Qc2 e4 21. Bf4 Qc4 22. Ne2 Nf7 23. Nd4 R3xd4 24. b3 Qc6 25. Be3 R4d6 26. Rfd1 b6 27. c4 Qd7 28. Rxd6 Qxd6 29. Qb2 Ng6 30. g3 Nge5 31. Kf1 Qd3+ 32. Kg2 Nf3 33. Qa3 Qd7 34. g4 fxg4 35. hxg4 Qxg4+ 0-1

[Event "Piestany Pressburg op"]
[Site "Piestany"]
[Date "2006.11.16"]
[Round "2"]
[White "Bombek, Peter"]
[Black "Beno, Milan"]
[Result "1-0"]
[WhiteElo "2287"]
[BlackElo "1756"]
[PlyCount "45"]
[EventDate "2006.11.15"]
[EventType "swiss"]
[EventRounds "7"]
[EventCountry "SVK"]
[SourceTitle "EXT 2008"]
[Source "ChessBase"]
[SourceDate "2007.11.25"]
[SourceVersion "1"]
[SourceVersionDate "2007.11.25"]
[SourceQuality "1"]

1. Nf3 Nf6 2. d4 d6 3. Nc3 g6 4. e4 Bg4 5. Be2 Bg7 6. 0-0 0-0 7. Bg5 c6 8. a4 Qc7 9. Qd2 Nbd7 10. Rad1 Rfe8 11. Rfe1 e5 12. dxe5 dxe5 13. Qd6 Qxd6 14. Rxd6 h6 15. Be3 Bf8 16. Rdd1 Kg7 17. Nd2 b6 18. Nc4 Bxe2 19. Rxe2 Nc5 20. Nd6 Bxd6 21. Rxd6 Nb7 22. Rxc6 Red8 23. Bxh6+ 1-0